| 000 | 00579nam a2200241Ia 4500 | ||
|---|---|---|---|
| 003 | OSt | ||
| 005 | 20220918191709.0 | ||
| 006 | a|||||r|||| 00| 0 | ||
| 007 | ta | ||
| 008 | 220917b |||||||| |||| 00| 0 eng d | ||
| 024 | _a64,671 | ||
| 037 | _cTextual | ||
| 040 |
_aARTS _cARTS _beng |
||
| 041 |
_2eng _aeng |
||
| 082 | _aQv, M1 | ||
| 100 | _aBesant Annie | ||
| 245 | 0 | _aDharma | |
| 260 |
_aAdyar _bThe theosophical pub House _c1981 |
||
| 300 |
_a72p. _ccm. |
||
| 650 | _aRELIGION | ||
| 942 |
_hQv, M1 _cTEXL _2CC |
||
| 999 |
_c191039 _d191039 |
||